Géographie de l'Amérique du Sud par lettre - G - Statistiques

Statistiques générales
  • Ce quiz a été pris 84 fois
  • Le résultat moyen est 8 sur 20
Statistiques - réponses
Question Réponse % Correct
Archipel au large de l'Equateur, sanctuaires de diverses espèces animales Galapagos
84%
Terme utilisé pour exprimer la destruction d'un peuple, il a été employé pour désigner le destin des peuples amérindiens suite à l'arrivée des conquistadors Génocide
83%
Révolutionnaire argentin qui a mal fini en Bolivie Ernesto Guevara
79%
Capitale du Guyana Georgetown
70%
Type de conflit qu'il préconisait pour parvenir à ses fins Guérilla
55%
Cow-boy argentin Gaucho
50%
Ceux de la zone géothermale d'El Tatio (Chili) sont célèbres (indice : mot d'origine islandaise) Geysers
49%
Ceux des Andes ont perdu 50% de leur surface en 20 ans Glaciers
43%
Plus grande ville de l'Equateur Guayaquil
43%
Excréments d'oiseaux utilisés comme engrais, dont le Pérou fut le plus gros producteur et dont l'importance économique engendra même une guerre (Pérou et Chili contre l'Espagne). Mot d'origine quechua Guano
39%
Monnaie du Paraguay, du nom d'une ethnie et d'une langue amérindiennes Guarani
34%
Père de la patrie italienne, il a connu un long exil en Amérique du Sud, où il s'illustra dans la guerre des Farrapos au Brésil et dans la Grande Guerre en Uruguay, Giuseppe Garibaldi
32%
Île britannique de l'Atlantique Sud, à "proximité" des Malouines et de la Terre de Feu Georgie du Sud
20%
Plateau du nord de l'Amérique du Sud, s'étendant sur six pays différents Bouclier des {Guyanes}
18%
Camélidé sauvage, qui contrairement au lama n'a pas été domestiqué Guanaco
18%
Prix Nobel de littérature colombien Gabriel Garcia Marquez
17%
Chantre du tango argentin, né en France et mort en Colombie dans un accident d'avion Carlos Gardel
11%
Etat central du Brésil, dans lequel est enclavé le District Fédéral avec la capitale Brasilia Goias
11%
Liane d'Amazonie, utilisée à des fins médicinales, et dont on fait un soda très populaire au Brésil Guarana
11%
Grande plaine du centre du continent, s'étendant sur quatre pays (Argentine, Bolivie, Brésil, Paraguay) et comprenant la plus grande forêt sèche d'Amérique latine Gran Chaco
1%
Aucun quiz correspondant
Distribution des résultats
% des personnes avec chaque résultat
Percentile par nombre de réponses
Votre historique - résultats
Vous n’avez pas pris ce quiz